00813 am a2200205 a 450000500170000000800410001702000150005804100080007310000340008124500790011525000110019426000350020530000110024050001130025165300300036465300550039465300340044965300710048365300530055420240223121519.0100622s1994||||ag d f |||| 001 0 spa d a9879983203 aspa1 aGonzález García, Ginés. aRemedios politicos para los medicamentos / cGinés González García. a1a ed. aBuenos Aires: bIsalud;c1994. a292 p. aGonzález García, G. (1994). Remedios políticos para los medicamentos. (1a ed.). Buenos Aires : Isalud. aIndustria del medicamento aCalidad y consumo: un remedio para tantas pildoras aPrecios, monopolios y equidad aPrograma de medicamentos de la provincia de Buenos Aires-Argentina aCapitalismo sin estado o capitalismo sin mercado